[Event "Sao Paulo Hebraica op 21st"]
[Site "Sao Paulo"]
[Date "2015.07.12"]
[Round "5"]
[White "Nobre, Jailson Altair Barb"]
[Black "Bueno Neto, Armando Candido"]
[Result "1/2-1/2"]
[WhiteElo "1728"]
[BlackElo "1765"]
[PlyCount "103"]
[EventDate "2015.07.11"]
[EventType "swiss"]
[EventRounds "5"]
[EventCountry "BRA"]
[SourceTitle "CBM 167 Extra"]
[Source "ChessBase"]
[SourceDate "2015.09.14"]
[SourceVersion "1"]
[SourceVersionDate "2015.09.14"]
[SourceQuality "1"]

1. c4 Nf6 2. Nc3 g6 3. g3 Bg7 4. Bg2 0-0 5. d3 d6 6. Nf3 Nc6 7. 0-0 Bd7 8. Rb1 Rb8 9. b4 a6 10. Bg5 Ng4 11. Nd5 f6 12. Bd2 e6 13. Ne3 Nxe3 14. Bxe3 Ne5 15. Nxe5 fxe5 16. Qd2 Bc6 17. Bxc6 bxc6 18. Bh6 Qf6 19. Bxg7 Kxg7 20. Qe3 Rb7 21. Qe4 d5 22. cxd5 exd5 23. Qg4 Qf5 24. Qxf5 gxf5 25. Rfc1 Rf6 26. Rc5 h5 27. e4 fxe4 28. dxe4 Rb5 29. exd5 Rxc5 30. bxc5 cxd5 31. Rb7 Rc6 32. Ra7 Kf6 33. f3 d4 34. Kf2 Kg5 35. h4+ Kf5 36. Ra8 Rxc5 37. Rxa6 Rc2+ 38. Kf1 d3 39. Ke1 c5 40. Rh6 Rxa2 41. Rxh5+ Kf6 42. Rh6+ Kf7 43. Rc6 Rc2 44. g4 c4 45. Kd1 c3 46. h5 Rf2 47. Rxc3 Rxf3 48. g5 e4 49. Rc7+ Kg8 50. Rd7 Rg3 51. g6 Rg5 52. Rd4 1/2-1/2